000 00521cam a2200145 4500500
005 20260208005816.0
041 _afre
042 _adc
100 1 0 _aFumaroli, Marc
_eauthor
245 0 0 _aConférence d'ouverture du colloque de Fribourg-en-Brisgau
260 _c2005.
500 _a7
786 0 _nRevue d'histoire littéraire de la France | 105 | 2 | 2005-03-01 | p. 259-271 | 0035-2411
856 4 1 _uhttps://shs.cairn.info/revue-d-histoire-litteraire-de-la-france-2005-2-page-259?lang=fr&redirect-ssocas=7080
999 _c1653864
_d1653864